Dreams of a final theory (Record no. 11092)

MARC details
000 -LEADER
fixed length control field 00554nam a2200193Ia 4500
003 - CONTROL NUMBER IDENTIFIER
control field IN-BaIIA
008 - FIXED-LENGTH DATA ELEMENTS--GENERAL INFORMATION
fixed length control field 211028s9999 xx 000 0 eng d
020 ## - INTERNATIONAL STANDARD BOOK NUMBER
International Standard Book Number 978-0-09-177395-3
040 ## - CATALOGING SOURCE
Transcribing agency IIA Library
080 ## - UNIVERSAL DECIMAL CLASSIFICATION NUMBER
Universal Decimal Classification number 539.1
Item number WEI
100 ## - MAIN ENTRY--PERSONAL NAME
Personal name Weinberg, Steven
9 (RLIN) 7609
245 #0 - TITLE STATEMENT
Title Dreams of a final theory
Statement of responsibility, etc. Steven Weinberg
260 ## - PUBLICATION, DISTRIBUTION, ETC.
Place of publication, distribution, etc. London
Name of publisher, distributor, etc. Hutchinson
Date of publication, distribution, etc. 1993
300 ## - PHYSICAL DESCRIPTION
Extent xi, 260p.
650 ## - SUBJECT ADDED ENTRY--TOPICAL TERM
Topical term or geographic name entry element Final theory
9 (RLIN) 18691
650 ## - SUBJECT ADDED ENTRY--TOPICAL TERM
Topical term or geographic name entry element High energy physics
9 (RLIN) 2205
650 ## - SUBJECT ADDED ENTRY--TOPICAL TERM
Topical term or geographic name entry element NASA Thesaurus
942 ## - ADDED ENTRY ELEMENTS (KOHA)
Koha item type Books
Holdings
Withdrawn status Lost status Damaged status Not for loan Home library Current library Shelving location Date acquired Cost, normal purchase price Total Checkouts Full call number Barcode Date last seen Cost, replacement price Price effective from Koha item type Purchase Price
        IIA Library-Bangalore IIA Library-Bangalore General Stacks 26/07/1994 124.00   539.1/ WEI 12006 05/11/2021 124.00 26/07/1994 Books Rs. 124.00

Powered by Koha